000 00342nam a2200145Ia 4500
003 OSt
005 20240229150818.0
008 170524s9999 xx 000 0 und d
020 _a978-8179651360
040 _cIIMT UNIVERSITY, MEERUT
100 _aMAHESH RAMESH
245 0 _aMEDIA NIRMAN
260 _bTAKSHILA : NEW DELHI
942 _2ddc
_c02
999 _c9105
_d9105